Top 10 German PL scorers - Statistics

General Stats
  • This quiz has been taken 25 times
  • The average score is 4 of 10
Answer Stats
Hint Answer % Correct
29 Klinsmann
82%
22 Ozil
73%
17 Ballack
64%
19 Podolski
50%
11 Schurrle
36%
12 Hamann
27%
21 Huth
23%
11 Riedle
18%
29 Rosler
18%
14 Ziege
18%
No matching quizzes found
Score Distribution
Percent of People with Each Score
Percentile by Number Answered
Your Score History
You have not taken this quiz